Der deutsche roman vom Barock bis zur Gegenwart. Struktur und Geschichte II
Salvato in:
| Autore principale: | |
|---|---|
| Natura: | Libro |
| Lingua: | Undetermined |
| Pubblicazione: |
Düsseldorf, Alemania
August Bagel
1963
|
| Soggetti: | |
| Tags: |
Aggiungi Tag
Nessun Tag, puoi essere il primo ad aggiungerne!!
|
MARC
| LEADER | 00000nam a2200000Ia 4500 | ||
|---|---|---|---|
| 008 | 170316s9999 xx 000 0 und d | ||
| 040 | |a cru BVZT | ||
| 090 | |a 830 W-4de v.2 | ||
| 100 | |a Wiese, Benno Von | ||
| 245 | |a Der deutsche roman vom Barock bis zur Gegenwart. Struktur und Geschichte II | ||
| 260 | |a Düsseldorf, Alemania | ||
| 260 | |b August Bagel | ||
| 260 | |c 1963 | ||
| 300 | |a 455 páginas | ||
| 650 | |a LITERATURA ALEMANA | ||
| 999 | |c 7456 |d 7456 | ||
| 942 | |c 15 D |h 830 W-4de v.2 |2 z | ||
